000 00637nam a2200205Ia 4500
003 GCL
008 140319s9999 xx 000 0 ara d
040 _aGCL /
_cGCL
082 0 4 _a225
_bم ن
100 1 _aمصطفى الصاوى الجوينى
245 1 0 _aالنص القرانى بين فهم العلماء وذوقهم /
_cمصطفى الصاوى الجوينى
260 _a[S.N] :
_bمكتبه النهضه المصريه ،
_c1993
300 _a522 ص
490 _a
650 0 4 _aالاسلام
650 0 4 _aالبلاغة
650 0 4 _aالاسلام والسياسة
650 0 4 _aالقران
942 _2ddc
_cBK
999 _c32396
_d32396